000 00621cam a22002053a 4500
001 39545
003 PGUSA
005 20140828083858.0
008 120427s2012||||xxu|||||s|||||000 | eng d
040 _aPGUSA
_beng
042 _adc
100 1 _aGerstäcker, Friedrich,
_d1816-1872
245 1 0 _aDie Colonie :
_bBrasilianisches Lebensbild. Dritter Band
_h[electronic resource] /
_cFriedrich Gerstäcker
260 _bProject Gutenberg,
_c2012
506 _aPublic domain in the USA.
516 _aElectronic text
830 0 _aProject Gutenberg
_v39545
856 4 0 _uhttp://www.gutenberg.org/ebooks/39545
942 _cEB
999 _c268798
_d268798